[Zaistenie]

Recenzia na publikáciu Zaistenie od Jarmily Buchovej. Cieľom monografie je predstaviť čitateľom zaistenie po stránke teoretickej a poskytnúť na základe uskutočnenej analýzy informácie o jednotlivých druhoch zaistenia v praxi. Monografia pozostáva zo šiestich samostatných kapitol.

Gespeichert in:
Bibliographische Detailangaben
1. Verfasser: Vidová, Jarmila, 1967-
Format: Buchkapitel
Sprache:Slowakisch
Schlagworte:
Tags: Tag hinzufügen
Keine Tags, Fügen Sie das erste Tag hinzu!

MARC

LEADER 00000naa$a2200000$$$4500
001 0036697
005 20240502071452.6
041 0 |a slo 
044 |a SK 
245 1 0 |a [Zaistenie]  |c Jarmila Vidová 
520 |a Recenzia na publikáciu Zaistenie od Jarmily Buchovej. Cieľom monografie je predstaviť čitateľom zaistenie po stránke teoretickej a poskytnúť na základe uskutočnenej analýzy informácie o jednotlivých druhoch zaistenia v praxi. Monografia pozostáva zo šiestich samostatných kapitol. 
610 2 0 |a pojmy 
610 2 0 |a recenzie 
610 2 0 |a zaistenie 
610 2 0 |a poisťovníctvo 
610 2 0 |a trh poistný 
100 1 |a Vidová, Jarmila, 1967-